1676 1425 1050 1509 1731 1598 1352 1471 1760 1890 1633 1827 1074 1438 1242 1300 1038 1342 1017 1564 1123 1875 1341 1334 1566 1866 1722 1000 1600 1997 1238 1761 1021 1366 1955 1787 1090 1554 1008 1532 1112 1774 1090 1631 1213 1532 1924 1729 1395 1984 1024 1427 1432 1547 1869 1014 1476 1815 1563 1257 1072 1228 1080 1941 1052 1826 1694 1191 1233 1566 1817 1083 1369 1860 1343 1708 1906 1411 1894 1462 1275 1022 1540 1095 1953 1876 1242 1062 1857 1543 1039 1616 1187 1931 1379 1026 1680 1624 1262 BCNSPRNW ULIB Ver.6.0+V

เปลี่ยนเป็นภาษาไทย

Change to English
 แสดงรายละเอียดบรรณานุกรม
  กลับหน้าหลัก

Brief Record : Get Marc (ISO 2709) : E-mail record : QR code < ปิดหน้าต่าง
LEADER : 00000nam 2200000uu 4500
001    13399126115
003     ULIB
008    180611s2014||||th 000 0 tha d
020    ^a9781438073989 (book with audio CD)^c600.00
050  0 ^aPE3235^bL735B
100 1  ^aLougheed, Lin
245 10 ^aBarron essential words for the IELTS [sound recording] /^cLin Lougheed
246 30 ^aEssential words for the IELTS
250    ^a2nd ed.
260    ^aHauppauge, N.Y. :^bBarron Educational Series,^c2014
300    ^a1audio CD :^bsd.,col ;^c4 3/4 in.^e1 book (379 p.)
490 0  ^aIELTS Superpack
590    ^aPurchase-E-17
650  0 ^aInternational English Language Testing System^vStudy guides
650  0 ^aEnglish language^vTextbooks for foreign speakers
650  0 ^aEnglish language^xExaminations^vStudy guides
650  0 ^aVocabulary^xExaminations&^8225;vStudy guides
850    ^aPSUCL
945    ^p600^l0^i004200
945    ^p600^l0^i004201
999    ^aวรรณษา ชูชัยมงคล
รายการนี้ยังไม่มีแท็ก
คุณยังไม่ได้ล็อกอิน คุณสามารถมีกิจกรรมร่วมกับเว็บไซต์ได้ แต่ต้องล็อกอินก่อน ::
  ล็อกอิน

รายการสื่อสารสนเทศ

ลำดับที่ ประเภท เลขเรียก/บาร์โค้ด สถานที่ สถานะ
1. วิทยาศาสตร์การแพทย์ และสุขภาพ
หนังสือสำรอง
สถานะ=หนังสือสำรอง
PE3235 L735B ฉ.1 
  Barcode: 004200
ห้องสมุดวิทยาเขตนครสวรรค์
►นวนิยาย:l:Fiction
บนชั้น
2. วิทยาศาสตร์การแพทย์ และสุขภาพ
วิทยาศาสตร์การแพทย์ และสุขภาพ
PE3235 L735B ฉ.2 
  Barcode: 004201
ห้องสมุดวิทยาเขตนครสวรรค์
►นวนิยาย:l:Fiction
บนชั้น

รายการใกล้เคียง
    ผู้แต่ง [Lougheed, Lin]

BibComment


ยังไม่เคยถูกคอมเมนท์

คอมเมนท์ทรัพยากรรายการนี้
  คอมเมนท์: Barron essential..


 Copyright 2026. Bcnsprnw @Library